=LDR 00000nam 2200000 4500 =001 INLIS000000000039792 =005 20130612145411 =008 ***********************************ind** =035 ##$$0010-061300000039792 =041 ##$$a ind =082 ##$$a 2x7.21 =090 ##$$a 2x7.21, Sya m.1 =100 ##$$a SYARIF, H. N. Faqih =245 ##$$a Manjadi dai yang diceintai, Menyampaikan dakwah dengan cara yang efektif, N. Faqih H;Editor, Darwati =260 ##$$a 2011 $b Jakarta =300 ##$$a 170 Hlm, 20,5 cm =650 ##$$a DAI (FUNGSIONARIS DA'WAH) =700 ##$$a DARWATI =850 ##$$a NBPNMAT